00000000nem##2200000za#4500
0019.548385
003CaOODSP
00520200326233341
007aj |a|||
008150406|2009||||xxc||||   a##f  |   fre|d
020 |a978-0-660-64263-5
022 |a1915-884X
040 |aCaOODSP|bfre
041 |aeng
041 |afre
043 |an-cn---
0861 |aM116-2/063E04
1101 |aCanada.|bRessources naturelles Canada. |bCentre d'information topographique.
24510|aArborfield, Saskatchewan : |h[document cartographique]|bouest du deuxième méridien
250 |aÉd. 04, version 00
255 |aÉchelle 1:50,000
260 |aOttawa - Ontario : |bRessources naturelles Canada. |c2009.
300 |a1 feuille. : |bcarte en couleur ; |c75 cm.
4901 |aCartes topographiques du Canada|x1915-884X|v63-E/4
500 |aSérie A742. Comprend une légende.
590 |a10-20|b2010-05-21
7760#|tArborfield, Saskatchewan : |w(CaOODSP)9.583573
791 |tArborfield, Saskatchewan : |eeng|w(CaOODSP)9.548384
830#0|aCartes topographiques du Canada,|x1915-884X|v63-E/4|w(CaOODSP)9.511451